| 000 | 00720nam a2200241 i 4500 | ||
|---|---|---|---|
| 001 | 41439 | ||
| 003 | ES-MaACL | ||
| 005 | 20230906160429.0 | ||
| 007 | t| | ||
| 008 | 030310s1972 sp ||||1| spa d | ||
| 080 | _a368(8.03) | ||
| 080 | _a368(460) | ||
| 080 | _a368(469) | ||
| 100 | 1 |
_aCastelo Matrán, Julio. _936616 |
|
| 245 | 1 | 3 |
_aEl mercado de seguros en Latinoamérica, Portugal y España / _cJulio Castelo Matrán. |
| 260 |
_a[Madrid] : _bMapfre, _c[1972] |
||
| 300 |
_a1 v. (322 p.) ; _c28 cm. |
||
| 505 | 8 | _aContiene: Parte institucional | |
| 650 | 4 |
_aSeguros- _zAmérica Latina. _9174629 |
|
| 650 | 4 |
_aSeguros- _zEspaña. _917024 |
|
| 650 | 4 |
_aSeguros- _zPortugal. _9174628 |
|
| 852 | 4 |
_aES-MaACL _jP-1487 |
|
| 999 |
_c41439 _d41439 |
||